Corse-du-Sud ou Haute-Corse ? - Statistiques

Statistiques générales
  • Ce quiz a été pris 448 fois
  • Le résultat moyen est 20 sur 40
Statistiques - réponses
Hint Réponse % Correct
Porte le numéro 2B Haute-Corse
95%
Porte le numéro 2A Corse-du-Sud
78%
A pour préfecture Ajaccio Corse-du-Sud
76%
On peut y admirer le site de Bonifacio Corse-du-Sud
74%
Ses sous-préfectures sont Calvi et Corte Haute-Corse
74%
S'y trouve un aéroport appelé Napoléon Bonaparte Corse-du-Sud
72%
On peut s'y baigner à Saint Florent Haute-Corse
71%
A pour préfecture Bastia Haute-Corse
71%
On peut y visiter le musée Pascal Paoli Haute-Corse
69%
Sa sous-préfecture est Sartène Corse-du-Sud
68%
Il culmine à 2706 mètres Haute-Corse
67%
Les cascades de Polischellu s'y trouvent Corse-du-Sud
66%
Il a vu naître Napoléon Bonaparte Corse-du-Sud
64%
C'est le département natal de Tino Rossi Corse-du-Sud
59%
On peut y visiter le musée Fesch Corse-du-Sud
57%
Le festival Cap sur le rire s'y déroule en juillet Haute-Corse
56%
Le site préhistorique de Sollacaro s'y trouve Corse-du-Sud
55%
Une des communes la moins peuplée, Calenzana, est aussi la plus vaste Haute-Corse
53%
La chanteuse Alizée y est née Corse-du-Sud
51%
Le festival Mi ! s'y déroule en juillet Corse-du-Sud
51%
Le nom de la 2e ville du département peut se traduire par Vieux port Corse-du-Sud
51%
Il culmine à 2134 mètres Corse-du-Sud
47%
Compte 160 814 habitants en 2020 Corse-du-Sud
47%
Le footballeur Pascal Olmeta y est né Haute-Corse
47%
On peut s'y rendre à Canari Haute-Corse
47%
Ce département a vu naître l'actrice Marie-José Nat Corse-du-Sud
38%
En 2022, il a connu 2973 heures d'ensoleillement Corse-du-Sud
38%
On peut se promener dans l'écomusée du Fortin Haute-Corse
38%
C'est le département natal de Cérena Haute-Corse
36%
Compte 182 887 d'habitants en 2020 Haute-Corse
35%
Sa superficie est de 4666 km2 Haute-Corse
35%
Sa superficie est de 4014 km2 Corse-du-Sud
34%
Cartman y est né Haute-Corse
34%
Jean Noël Guérini y est né Haute-Corse
32%
En 2022, il a connu 2884 heures d'ensoleillement Haute-Corse
31%
Sa préfecture est jumelée avec Iéna en Allemagne Corse-du-Sud
30%
Le château du prince Pierre Bonaparte s'y visite Haute-Corse
20%
C'est le département d'Aix-les-Bains Corse-du-Sud
14%
Sa préfecture est jumelée avec Gênes en Italie Haute-Marne
10%
Un célèbre régiment parachutiste est installé dans ce département Haute-Marne
4%
Aucun quiz correspondant
Distribution des résultats
% des personnes avec chaque résultat
Percentile par nombre de réponses
Votre historique - résultats
Vous n’avez pas pris ce quiz